| 000 | 01236cam a22003254a 4500 | ||
|---|---|---|---|
| 999 |
_c23342 _d23342 |
||
| 001 | 13916289 | ||
| 005 | 20170126094412.0 | ||
| 008 | 050331s2005 njua 000 0 eng | ||
| 010 | _a 2005925087 | ||
| 020 | _a1565912152 (hardcover ed.) | ||
| 020 | _a1565912179 (pbk. ed.) | ||
| 040 |
_aDLC _cDLC _dDLC |
||
| 041 | 1 |
_aeng _hkor |
|
| 042 | _apcc | ||
| 043 | _aa-kr--- | ||
| 050 | 0 | 0 |
_aN7365 _b.K565 2005 |
| 100 | 1 | _aKim, Yŏng-na. | |
| 245 | 1 | 0 |
_aModern and contemporary art in Korea : _btradition, modernity, and identity / _cby Kim Youngna. |
| 260 |
_aElizabeth, NJ : _bHollym, _cc2005. |
||
| 300 |
_a110 p. : _bill. (chiefly col.) ; _c25 cm. |
||
| 490 | 1 |
_aKorean culture series ; _v1 |
|
| 650 | 0 |
_aArt, Korean _y20th century. |
|
| 650 | 0 |
_aArt, Korean _y21st century. |
|
| 830 | 0 |
_aKorean culture series (Elizabeth, N.J.) ; _v1. |
|
| 856 | 4 | 1 |
_3Table of contents _uhttp://www.loc.gov/catdir/toc/fy0604/2005925087.html |
| 942 |
_2lcc _cBOOKS _hN7365 .K565 2005 |
||